| 000 | 02940nam a2200241 a 4500 | ||
|---|---|---|---|
| 999 |
_c1384 _d1384 |
||
| 003 | AR-BaISA | ||
| 005 | 20230818155752.0 | ||
| 006 | aad||fr|||| 00| 0 | ||
| 007 | ta | ||
| 008 | 230818s2015 ag ad||f |||| 00| 0 spa d | ||
| 020 | _a9789501292732 | ||
| 040 |
_bspa _cAR-BaISA |
||
| 082 | 0 | 4 |
_222 _a155.4 Ab37e |
| 245 | 0 | 3 |
_aEl psicoanálisis de niños y sus aplicaciones / _cArminda Aberastury (comp.); colaboradoras: Sofía Kunst de Müller, Diana Becher de Goldberg, Alicia Sirota, Emilce Dio de Bleichmar, Julio Nejamkis, María Inés Egozcue, Graciela Resnicoff, Lidia Foti, Guillermo Rinaldi, Haydée C. Kohan de Saimovici, Edmundo Saimovici, Lydia Kornblihtt de Ravaschino, Eduardo J. Salas, Raquel Soifer. Selección de títulos y prólogos de Eva Tabakian |
| 260 |
_aBuenos Aires: _bPaidós, _c2015 |
||
| 300 |
_a236 p.: _bil., graf. |
||
| 490 | _aBiblioteca fundamental de las ciencias de la psicología / Posfreudianos | ||
| 505 |
_tArminda Aberastury / Psicoanálisis y psicoterapia psicoanalítica en niños -- _tArminda Aberastury / Historia de una técnica: preparación psicoterapéutica en cirugía -- _tGuillermo Rinaldi / Preparación psicoterapéutica en cirugía cardiovascular infantil -- _tDiana Becher de Goldberg / Un caso de cardiopatía congénita -- _tEduardo J. Salas, Lidia Fonti, Edmundo Saimovici y Alicia Sirota / Psicoterapia de grupo para niños y madres en situación de emergencia frente al tratamiento odontológico de los niños -- _tEdmundo Saimovici / Imagen del odontopediatra y del tratamiento odontológico en niños -- _tEdmundo Saimovici y Julio Nejamkis / Aportes de la odontopediatría a la investigación psicoanalítica de la relación entre las ansiedades orales y genitales -- _tMaría Inés Egozcue / Aportes psicoanalíticos a la clínica odontopediátrica -- _tEdmundo Saimovici y Haydée C. Kohan de Saimovici / Significado de la dentición y de los dientes en la obra de S. Freud, K. Abraham, S. Ferenczi y M. Klein -- _tRaquel Soifer / Psicoterapia del grupo familiar con niños utilizando juguetes -- _tLydia Kornblihtt de Ravaschino y Raquel Soifer / Comentario de entrevistas realizadas a dos familias con niños mellizos -- _tRaquel Soifer y Graciela Resnicoff / Psicoterapia de grupo familiar con niños: un ejemplo clínico -- _tRaquel Soifer y Sofía Kunst de Müller / Ejemplo clínico de psicoterapia de grupo familiar con niños: una familia en la que el padre falleció bruscamente: el problema social de la viuda con hijos -- _tRaquel Soifer y Graciela Resnicoff / Posibilidades del grupo familiar con niños como colaborador para una tarea de psicohigiene: el problema de la desprotección de la familia contemporánea -- _tEmilce Dio de Bleichmar / La psicoterapia del binomio madre-hijo en la simbiosis patológica |
||
| 650 | 1 | 4 |
_9141 _aPsicoanálisis |
| 650 | 1 | 4 |
_91932 _aPsicología infantil |
| 700 |
_92978 _aAberastury, Arminda _ecomp. |
||
| 942 |
_2ddc _cLI _e22 |
||